00690cam a22002171a 4500001001300000003000400013005001700017008004100034010001700075035002000092040001800112042001200130050001600142100002600158245014400184260004800328300002800376490003700404650001400441999001700455ca 17003455 DLC20260227111106.0890630s1868 xx 000 0 eng  aca 17003455  a(OCoLC)19953775 aDLCcCoDdDLC apremarc00aPE1145b.M51 aMartindale, Joseph C.14aThe primary speller :bfor young children. Designed as an introduction to th author's common school speller. /cBy Joseph C. Martindale... aPhiladelphia :bE. H. Buttler & co.,c1868. a95 p. :bill. ;c18 cm.0 aMartindale's series of spellers. 0aSpellers. c15299d15299